Engineering Design Graphics : (Record no. 780)

MARC details
000 -LEADER
fixed length control field 00967nac a22002171u 4500
008 - FIXED-LENGTH DATA ELEMENTS--GENERAL INFORMATION
fixed length control field 100905t xxu||||| |||| 00| 0 eng d
010 ## - LIBRARY OF CONGRESS CONTROL NUMBER
LC control number 2004269223
020 ## - INTERNATIONAL STANDARD BOOK NUMBER
International Standard Book Number 0131425730
082 00 - DEWEY DECIMAL CLASSIFICATION NUMBER
Classification number 620.0042
Item number EAR
100 ## - MAIN ENTRY--PERSONAL NAME
Personal name Earle, James H.
9 (RLIN) 17967
245 10 - TITLE STATEMENT
Title Engineering Design Graphics :
Remainder of title AutoCAD 2004 /
Statement of responsibility, etc James H. Earle.
250 ## - EDITION STATEMENT
Edition statement 11th ed.
260 ## - PUBLICATION, DISTRIBUTION, ETC. (IMPRINT)
Place of publication, distribution, etc Upper Saddle River, N.J. :
Name of publisher, distributor, etc Pearson/Prentice Hall,
Date of publication, distribution, etc c2004.
300 ## - PHYSICAL DESCRIPTION
Extent xvi, 752, 48, 14 p. :
Other physical details ill. ;
Dimensions 25 cm.
500 ## - GENERAL NOTE
General note Includes index.
650 #0 - SUBJECT ADDED ENTRY--TOPICAL TERM
Topical term or geographic name as entry element Engineering design.
9 (RLIN) 17968
650 #0 - SUBJECT ADDED ENTRY--TOPICAL TERM
Topical term or geographic name as entry element Engineering graphics.
9 (RLIN) 17969
942 ## - ADDED ENTRY ELEMENTS (KOHA)
Item type Book - Borrowing
Call number prefix 620.0042EAR
Source of classification or shelving scheme Dewey Decimal Classification
Holdings
Withdrawn status Item status Source of classification or shelving scheme Damaged status Not for loan Vendor Home library Current library Shelving location Date acquired Source of acquisition Cost, normal purchase price Total Checkouts Full call number Barcode Date last seen Date last borrowed Cost, replacement price Koha item type
    Dewey Decimal Classification       Central Library Central Library First floor 27/07/2006   270.00 1 620.0042 EAR 000003803 15/07/2025 15/07/2018 337.50 Book - Borrowing
    Dewey Decimal Classification       Central Library Central Library First floor 13/09/2010   270.00   620.0042 EAR 000003802 15/07/2025   337.50 Book - Borrowing